000 00525cam a22001812 4500
001 0000000917
005 20170406112959.0
008 131120s xx 000 0 eng d
020 _c$
040 _aYour Holding Symbol
_cYour Holding Symbol
100 1 _aCatholic conference.
245 1 0 _aEducation in human sexuality for christians.
250 _a ed.
260 _aunited catholic conference :
_bMssachusetts,
_c1981.
300 _a118 p. ;
_c cm.
650 0 _ahuman sexuality.
908 _a131120
999 _c836
_d836